| 000 | 00915nam a2200229 i 4500 | ||
|---|---|---|---|
| 001 | 164632 | ||
| 003 | ES-MaACL | ||
| 005 | 20230906212955.0 | ||
| 008 | 950206s1886 sp abc |||| | spa d | ||
| 040 |
_aCARM _bspa _cCCPB | PA2 |
||
| 080 | _a626.9(265.159) | ||
| 100 | 1 |
_aSanchiz y Basadre, Eliseo. _9132396 |
|
| 245 | 1 | 4 |
_aUna visita a las obras del Canal de Panamá / _cpor Eliseo Sanchiz y Basadre. |
| 260 |
_aMadrid : _b[s.n.], _c1886 ( _fImp. de E. Maroto y Hermano) |
||
| 300 |
_a299 p., [1] h. de lám., [1] h. de plan. pleg. ; _c23 cm. |
||
| 530 | _aDisponible en formato digital. | ||
| 599 | _aLa h. de lám., retrato del Marqués del Campo. | ||
| 599 | _aLa h. de plan. pleg. col., trazado del Canal de Panamá. | ||
| 651 | 4 |
_aCanal de Panamá. _97941 |
|
| 852 |
_aES-MaACL _jG-11446 _z- Enc. piel |
||
| 856 |
_uhttp://bdh-rd.bne.es/viewer.vm?id=0000056780&page=1 _zBiblioteca Digital Hispánica |
||
| 999 |
_c164632 _d164632 |
||